[Event "Natick Winter Warmer op"]
[Site "Natick"]
[Date "1998.02.??"]
[Round "?"]
[White "Birnbaum, Ron"]
[Black "Curdo, John"]
[Result "0-1"]
[WhiteElo "1987"]
[BlackElo "2417"]
[PlyCount "98"]
[EventDate "1998.02.??"]
[EventType "swiss"]
[EventRounds "5"]
[EventCountry "USA"]
[SourceTitle "EXT 2005"]
[Source "ChessBase"]
[SourceDate "2004.11.15"]
[SourceVersion "1"]
[SourceVersionDate "2004.11.15"]
[SourceQuality "1"]

1. e4 Nc6 2. d4 d5 3. Nc3 e5 4. Nxd5 Nxd4 5. Ne2 Bg4 6. Be3 c6 7. Ndc3 c5 8. Qd2 Nf6 9. 0-0-0 Qa5 10. Kb1 0-0-0 11. f3 Be6 12. Nc1 Be7 13. Nb5 Qb6 14. Nxd4 cxd4 15. Bf2 Kb8 16. Bd3 Rc8 17. f4 Bb4 18. Qe2 Bg4 19. Qf1 Bxd1 20. Qxd1 exf4 21. Nb3 Bc5 22. Qf3 g5 23. Nxc5 Qxc5 24. c3 Rhd8 25. Bxd4 Rxd4 26. cxd4 Qxd4 27. h4 h6 28. hxg5 hxg5 29. g3 Rd8 30. Bc2 Qe3 31. Rf1 Qxf3 32. Rxf3 Nh5 33. gxf4 Nxf4 34. Rg3 f6 35. e5 Re8 36. exf6 Re1+ 37. Bd1 Rxd1+ 38. Kc2 Rd5 39. f7 Rf5 40. Rxg5 Rxf7 41. Kb1 Kc7 42. Ra5 a6 43. Kc2 Kc6 44. Rg5 Nd5 45. Kb3 b5 46. a3 a5 47. Rg2 Rf3+ 48. Ka2 b4 49. axb4 Nxb4+ 0-1